000 01618nam a2200217Ia 4500
003 Ost
005 20260507075022.0
008 260507s9999||||xx |||||||||||||| ||und||
020 _a6745919977
040 _cfsecg
041 _aara
082 _a330
100 _aعبد الحميد، عبد المطلب
_eمؤلف
245 0 _aالنظام الإقتصادي العالمي الجديد وآفاقه المستقبلية بعد 11 ديسمبر /
_c عبد المطلب عبد الحميد
260 _aالقاهرة:
_bمجموعة النيل العربية,
_c2003
300 _a312 صفحة؛
_bإيضاحات ؛
_c24 سم
520 _aمفهوم النظام الإقتصادي العالمي الجديد ومراحل تطوره ومكوناته- خصائص وملامح النظام الإقتصادي الجديد- مؤسسات والتكتلات الإقتصادية في النظام الإقتصادي الجديد- دور الولايات المتحدة الامريكية في النظام- الشركات المتعددة الجنسيات وتاثيرها على النظام الإقتصادي العالمي الجديد- أطروحة السوق الشرق الأوسطية وموقعها في النظام الإقتصادي العالمي الجديد- النظام الإقتصادي العالمي الجديد والدول العربية- الإقتصاد العالمي وتأثيرات أحداث الحادي عشر سيبتمبر 2001
653 _aالأنظمة الإقتصادية
653 _aالنظام الإقتصادي العالمي الجديد
942 _cكتاب
999 _c42287
_d42287